Friends Cast, Post-Friends Quiz Stats

 Plays Quiz not verified by Sporcle

Challenge
Share
Tweet
Embed
Score 0/9 Timer 03:00
0 Plays Today
Actor TV Show % Correct
Courteney CoxCougar Town
90.8%
Matt LeBlancJoey
84.4%
Matt LeBlancEpisodes
43.6%
Courteney CoxDirt
37.4%
Matthew PerryMr. Sunshine
36%
Matthew PerryStudio 60 on the Sunset Strip
35.1%
Matthew PerryGo On
29.9%
Lisa KudrowThe Comeback
23.5%
Lisa KudrowWeb Therapy
18.7%

You're not logged in!

Compare scores with friends on all Sporcle quizzes.
OR
Log In

You Might Also Like...

Show Comments

Extras

Created Jan 19, 2011ReportNominate
Tags:Actor Quiz, Friends Quiz

Top Quizzes Today


Score Distribution

Your Account Isn't Verified!

In order to create a playlist on Sporcle, you need to verify the email address you used during registration. Go to your Sporcle Settings to finish the process.

Report this User

Report this user for behavior that violates our Community Guidelines.

Details: